[Event "Buenos Aires Bolivar op 4th"]
[Site "Buenos Aires"]
[Date "2011.06.22"]
[Round "8"]
[White "Tomeo, Ivan"]
[Black "Tachella, Pablo Ivan"]
[Result "1-0"]
[WhiteElo "2029"]
[BlackElo "1834"]
[PlyCount "64"]
[EventDate "2011.06.13"]
[EventType "swiss"]
[EventRounds "9"]
[EventCountry "ARG"]
[SourceTitle "EXT 2014"]
[Source "ChessBase"]
[SourceDate "2013.11.20"]
[SourceVersion "1"]
[SourceVersionDate "2013.11.20"]
[SourceQuality "1"]

1. e4 e5 2. f4 d6 3. Nf3 Nd7 4. Bc4 Be7 5. 0-0 Ngf6 6. Nc3 0-0 7. d3 c6 8. fxe5 Nxe5 9. Nxe5 dxe5 10. Kh1 b5 11. Bb3 a5 12. a4 b4 13. Ne2 Qb6 14. Bg5 c5 15. Ng3 Bg4 16. Qe1 h6 17. Bxf6 Bxf6 18. Nf5 Bxf5 19. Rxf5 g6 20. Qg3 Bg7 21. Rf3 Ra7 22. Raf1 Qd6 23. Qh4 Qd4 24. h3 Qd6 25. Qf2 Qe7 26. Bd5 Rc7 27. b3 Rd7 28. Bc4 Rc7 29. g4 Bh8 30. h4 Kg7 31. h5 g5 32. Rf6 Ra8 1-0